000 00627nam a2200241Ia 4500
003 OSt
005 20221005031455.0
006 a|||||r|||| 00| 0
007 ta
008 221004b |||||||| |||| 00| 0 tam d
024 _a64540
037 _cTextual
040 _aCRL
_cCRL
_btam
041 _2tam
_atam
082 _aO31,3x, J1.5
100 _aP.M.Kannan Au.
_9583767
245 0 _aDevaanai
_b Naaval
260 _aChennai
_bAmutha Nilayam India
_c1958
300 _a220p.
_ccm.
650 _aTAMIL LITERATURE
942 _hO31,3x, J1.5
_cTEXL
_2cc
999 _c937825
_d937825